[Event "Nutcracker Rapid B 2015"]
[Site "Moscow RUS"]
[Date "2015.12.25"]
[Round "5.4"]
[White "Potapova, Margarita"]
[Black "Shubin, Kirill"]
[Result "1/2-1/2"]
[WhiteTitle "WFM"]
[BlackTitle "FM"]
[WhiteElo "2121"]
[BlackElo "2208"]
[WhiteTeam "Girls"]
[BlackTeam "Youths"]
[WhiteFideId "14126869"]
[BlackFideId "34119962"]
[EventDate "2015.12.24"]

1. d4 e6 2. Nf3 Nf6 3. g3 b5 4. Bg2 Bb7 5. O-O Be7 6. Nbd2 O-O 7. Re1 d5 8. Ne5
Nbd7 9. Ndf3 c5 10. dxc5 Bxc5 11. e3 Nxe5 12. Nxe5 Qc7 13. Nd3 Bb6 14. a4 a6 15.
Bd2 Ne4 16. Bb4 Rfd8 17. a5 Ba7 18. c3 e5 19. Qh5 f6 20. Rad1 Nd6 21. b3 Ne4 22.
Rc1 g6 23. Qe2 Rac8 24. Red1 Qf7 25. Bh3 Rc7 26. Bg2 Rcc8 27. Bh3 Rc7 28. Bg2
Kg7 29. Nxe5 fxe5 30. Bxe4 Rcd7 31. Bg2 e4 32. Bh3 Rc7 33. c4 bxc4 34. bxc4 d4
35. exd4 e3 36. Qxe3 Re8 37. Qf4 Qxf4 38. gxf4 Rf7 39. Bd6 g5 40. Be5+ Kh6 41.
fxg5+ Kxg5 42. Bg2 Bc8 43. c5 Bg4 44. Rd2 h5 45. Bd5 Rfe7 46. h4+ Kg6 47. Be4+
Kf7 48. Bc6 Rg8 49. Kh2 Ke6 50. f4 Kf5 51. d5 Bf3 52. Rc3 Be4 53. d6 Rxe5 54.
Bd7+ Re6 55. Bxe6+ Kxe6 56. d7 Bb8 57. Rf2 Kxd7 58. Re3 Bd5 59. Rg3 Rf8 60. Rg7+
Kc6 61. Kg3 Kxc5 62. Rg5 Kc4 63. Rxh5 Be4 64. Rg5 Kd4 65. h5 Ke3 66. Rg4 Bf5 67.
Rg7 Be4 68. Rg4 Bf5 69. Rg7 Ke4 1/2-1/2

[Event "Nutcracker Rapid B 2015"]
[Site "Moscow RUS"]
[Date "2015.12.25"]
[Round "6.1"]
[White "Potapova, Margarita"]
[Black "Nesterov, Arseniy"]
[Result "1-0"]
[WhiteTitle "WFM"]
[WhiteElo "2121"]
[BlackElo "2102"]
[WhiteTeam "Girls"]
[BlackTeam "Youths"]
[WhiteFideId "14126869"]
[BlackFideId "24198455"]
[EventDate "2015.12.24"]

1. d4 e6 2. c4 b6 3. e4 Bb7 4. Bd3 Nc6 5. Nf3 Nb4 6. O-O Nxd3 7. Qxd3 Ne7 8. Nc3
Ng6 9. d5 Bb4 10. a3 Bxc3 11. Qxc3 O-O 12. b4 f5 13. exf5 Rxf5 14. Bb2 Qf8 15.
Nd4 Nf4 16. Kh1 Rf7 17. g3 Ng6 18. f4 e5 19. Ne2 exf4 20. Nxf4 Nxf4 21. Rxf4
Rxf4 22. gxf4 Qf7 23. Qd4 Re8 24. Rg1 Re7 25. f5 c6 26. f6 cxd5 27. Rxg7+ Qxg7
28. fxg7 Re4 29. Qf2 Re8 30. cxd5 Bxd5+ 31. Kg1 Bf7 32. Qd2 d5 33. Qf4 a6 34.
Qd6 b5 35. Qxa6 d4 36. Bxd4 Bc4 37. Qc6 Rd8 38. Bf6 Rd1+ 39. Kf2 Rd2+ 40. Ke1
Re2+ 41. Kd1 Re3 1-0

[Event "Nutcracker Rapid B 2015"]
[Site "Moscow RUS"]
[Date "2015.12.25"]
[Round "6.2"]
[White "Dimitrova, Aleksandra"]
[Black "Tsoi, Dmitry"]
[Result "1/2-1/2"]
[WhiteTitle "WFM"]
[WhiteElo "2193"]
[BlackElo "2060"]
[WhiteTeam "Girls"]
[BlackTeam "Youths"]
[WhiteFideId "24173371"]
[BlackFideId "24194697"]
[EventDate "2015.12.24"]

1. e4 c5 2. Nf3 d6 3. d4 Nf6 4. Nc3 cxd4 5. Nxd4 a6 6. Be3 e6 7. f3 b5 8. Qd2
Nbd7 9. O-O-O Bb7 10. g4 Nb6 11. Qf2 Nfd7 12. Kb1 Rc8 13. Nce2 Nc5 14. Ng3 Nba4
15. Bc1 Qc7 16. Bd3 Be7 17. g5 d5 18. e5 Nxd3 19. Rxd3 Nc5 20. Rdd1 b4 21. f4 g6
22. h4 Rg8 23. h5 Bf8 24. Rhe1 Ne4 25. Nxe4 dxe4 26. Qh2 Bd5 27. b3 Bg7 28. Bb2
Qb7 29. Ne2 Bf8 30. hxg6 hxg6 31. Qh7 Rg7 32. Qh8 Qc7 33. Rc1 Qc5 34. c4 Bb7 35.
Bd4 Qc6 36. Ng3 Rd8 37. Rcd1 e3 38. Bxe3 Rxd1+ 39. Rxd1 Qf3 40. Rd8+ Kxd8 41.
Qxf8+ Kc7 42. Qd6+ Kc8 43. Bb6 Be4+ 44. Nxe4 Qxe4+ 1/2-1/2

[Event "Nutcracker Rapid B 2015"]
[Site "Moscow RUS"]
[Date "2015.12.25"]
[Round "6.3"]
[White "Remizov, Yaroslav"]
[Black "Mylnikova, Olga"]
[Result "1-0"]
[BlackTitle "WFM"]
[WhiteElo "2093"]
[BlackElo "2197"]
[WhiteTeam "Youths"]
[BlackTeam "Girls"]
[WhiteFideId "34134015"]
[BlackFideId "24137880"]
[EventDate "2015.12.24"]

1. e4 c5 2. Nf3 Nc6 3. d4 cxd4 4. Nxd4 g6 5. Nc3 Bg7 6. Be3 Nf6 7. f3 O-O 8. g4
Qb6 9. Rb1 Nxg4 10. fxg4 Nxd4 11. Nd5 Qe6 12. Bg2 Nc6 13. Nc7 Qe5 14. Nxa8 Qb8
15. O-O Qxa8 16. c3 d6 17. h3 b6 18. Bd4 Ne5 19. g5 Be6 20. b3 Qc8 21. Kh2 Qc7
22. Qe1 Nc6 23. Qe3 d5+ 24. Kh1 Nxd4 25. cxd4 dxe4 26. Bxe4 Qd7 27. Rbd1 Bxh3
28. Rf2 Bg4 29. Rdd2 Rc8 30. Qf4 f5 31. Bd3 b5 32. Bc2 Qd5+ 33. Kg1 Rc3 34. b4
Qxa2 35. Bxf5 Qb1+ 36. Bxb1 1-0

[Event "Nutcracker Rapid B 2015"]
[Site "Moscow RUS"]
[Date "2015.12.25"]
[Round "6.4"]
[White "Shubin, Kirill"]
[Black "Dordzhieva, Dinara"]
[Result "1/2-1/2"]
[WhiteTitle "FM"]
[BlackTitle "WIM"]
[WhiteElo "2208"]
[BlackElo "2230"]
[WhiteTeam "Youths"]
[BlackTeam "Girls"]
[WhiteFideId "34119962"]
[BlackFideId "24157570"]
[EventDate "2015.12.24"]

1. e4 c5 2. Nf3 d6 3. d4 Nf6 4. dxc5 Nxe4 5. cxd6 Nc6 6. dxe7 Qxd1+ 7. Kxd1 Bxe7
8. Be3 Bf5 9. Bd3 O-O-O 10. Nbd2 Nb4 11. Nd4 Nxd3 12. cxd3 Nd6 13. Nxf5 Nxf5 14.
Bxa7 Rxd3 15. Ke2 Rd5 16. Rhd1 Re8 17. Kf1 b5 18. Nb3 Red8 19. Rxd5 Rxd5 20.
Rc1+ Kb7 21. Bc5 Bf6 22. Ba3 Kb6 23. g4 Nh4 24. f4 g6 25. Bc5+ Kb7 26. Bf2 g5
27. fxg5 Bxg5 28. Rc5 Rxc5 29. Nxc5+ Kc6 30. Ne4 Be7 31. Ke2 Ng6 32. Bg3 Kd5 33.
Nc3+ Kc4 34. Kd2 Bb4 35. Kc2 Bxc3 36. bxc3 Ne7 37. Be5 Ng6 38. Bf6 Nf4 39. Kd2
Nd5 40. Be5 f6 41. Bd6 Nxc3 42. Be7 Nd5 43. Bd8 Kd4 44. h4 Ke4 45. g5 fxg5 46.
Bxg5 h5 47. Kc2 Kf3 48. Kb3 Kg4 49. Bd8 Kf5 50. Bg5 Kg4 51. Bd8 Kf4 52. Bg5+ Kf3
53. Bd8 Ke2 54. Bg5 Kd3 55. Bd8 Ke4 56. Bg5 Kf5 57. Bd8 Ke6 58. Bg5 Kd7 59. Bd2
Kc6 60. Bg5 Kc5 61. Bd8 Kd4 62. Bg5 Ke5 63. Bd8 Kd6 64. Bg5 Kc6 65. Bd2 Ne7 66.
Bg5 Nd5 1/2-1/2

[Event "Nutcracker Rapid B 2015"]
[Site "Moscow RUS"]
[Date "2015.12.25"]
[Round "7.1"]
[White "Nesterov, Arseniy"]
[Black "Dordzhieva, Dinara"]
[Result "0-1"]
[BlackTitle "WIM"]
[WhiteElo "2102"]
[BlackElo "2230"]
[WhiteTeam "Youths"]
[BlackTeam "Girls"]
[WhiteFideId "24198455"]
[BlackFideId "24157570"]
[EventDate "2015.12.24"]

1. d4 c5 2. d5 Nf6 3. c4 b5 4. cxb5 a6 5. b6 Bb7 6. Nc3 e6 7. e4 exd5 8. exd5 d6
9. Nf3 Nbd7 10. Bg5 Be7 11. Bc4 Nxb6 12. Bb3 c4 13. Ba4+ Kf8 14. Bc6 Qc7 15.
Bxb7 Qxb7 16. O-O h6 17. Bxf6 Bxf6 18. Rc1 Rc8 19. Ne4 Be7 20. Qd4 Kg8 21. Nfd2
f5 22. Ng3 Bf6 23. Qe3 g6 24. Qe6+ Kg7 25. Qxd6 c3 26. bxc3 Rhd8 27. Qb4 Rxd5
28. c4 a5 29. Qxb6 Qxb6 30. cxd5 Rxc1 31. Rxc1 Qd6 32. Nb3 Qxd5 33. Rc7+ Kf8 34.
Rc8+ Ke7 35. Rc7+ Kd8 36. Ra7 Bc3 37. h4 f4 38. Nf1 Be1 39. Ra6 Qe4 40. Rd6+ Kc7
41. Rd4 Qf5 42. Rc4+ Kb6 43. Rc1 Qe4 44. Nc5 Qe2 45. Nd3 Qxd3 46. Rxe1 Qc4 47.
Rb1+ Kc7 48. Rb2 a4 49. Rd2 f3 50. g3 Qc1 51. Rd4 a3 52. Rd3 Qb2 53. Rd2 Qb1 54.
g4 Kc6 55. h5 gxh5 56. gxh5 Kc7 57. Rd4 Qxa2 58. Rg4 Qb1 59. Rg7+ Kc6 60. Rg6+
Kc5 61. Rg8 a2 62. Rc8+ Kd6 63. Rd8+ Ke5 0-1

[Event "Nutcracker Rapid B 2015"]
[Site "Moscow RUS"]
[Date "2015.12.25"]
[Round "7.2"]
[White "Tsoi, Dmitry"]
[Black "Potapova, Margarita"]
[Result "1-0"]
[BlackTitle "WFM"]
[WhiteElo "2060"]
[BlackElo "2121"]
[WhiteTeam "Youths"]
[BlackTeam "Girls"]
[WhiteFideId "24194697"]
[BlackFideId "14126869"]
[EventDate "2015.12.24"]

1. e4 c5 2. Nf3 d6 3. d4 cxd4 4. Nxd4 Nf6 5. f3 e5 6. Nb3 Be6 7. c4 a5 8. Be3 a4
9. N3d2 Qa5 10. Be2 Be7 11. O-O O-O 12. Na3 Nbd7 13. Nc2 Nc5 14. b4 axb3 15.
axb3 Qc3 16. b4 Nb3 17. Rb1 Ra3 18. Kf2 Nd4 19. Nxa3 Qxa3 20. Bxd4 exd4 21. Qb3
Qa7 22. Ra1 Qb6 23. Bd3 Nd7 24. f4 Nf6 25. h3 Nh5 26. Kg1 Bh4 27. g4 Nf6 28. Kg2
Ne8 29. Nf3 Bf6 30. Qa4 g6 31. Qa5 Qc6 32. b5 Qc5 33. Qa3 Qc7 34. Qb3 Ng7 35. g5
Be7 36. Nxd4 f5 37. Nxe6 Nxe6 38. c5 d5 39. Qxd5 Qc8 40. exf5 gxf5 41. Rfe1 Qxc5
42. Qxe6+ Kh8 43. Qxe7 Qd5+ 44. Be4 Qd2+ 45. Kg3 Qc3+ 46. Bf3 Rc8 47. Qe5+ 1-0

[Event "Nutcracker Rapid B 2015"]
[Site "Moscow RUS"]
[Date "2015.12.25"]
[Round "7.3"]
[White "Dimitrova, Aleksandra"]
[Black "Remizov, Yaroslav"]
[Result "1-0"]
[WhiteTitle "WFM"]
[WhiteElo "2193"]
[BlackElo "2093"]
[WhiteTeam "Girls"]
[BlackTeam "Youths"]
[WhiteFideId "24173371"]
[BlackFideId "34134015"]
[EventDate "2015.12.24"]

1. e4 d6 2. d4 Nf6 3. Nc3 Nbd7 4. f4 e5 5. Nf3 exd4 6. Qxd4 c6 7. Be3 d5 8. e5
Bc5 9. Qd2 Ng4 10. Bxc5 Nxc5 11. O-O-O O-O 12. h3 Nh6 13. g4 b5 14. Bd3 b4 15.
Ne2 Qa5 16. Kb1 Ba6 17. Bxa6 Qxa6 18. Nfd4 Ne4 19. Qe3 Kh8 20. Ng3 Nc5 21. Ndf5
Nxf5 22. gxf5 Na4 23. f6 gxf6 24. Nh5 Rab8 25. Nxf6 Nc3+ 26. Kc1 d4 27. Qd3 Ne2+
28. Kd2 Qxd3+ 29. cxd3 Nxf4 30. Nd7 Ng6 31. Rde1 Kg7 32. Nxb8 Rxb8 33. Re4 c5
34. Rc1 Rb5 35. e6 fxe6 36. Rxe6 Ra5 37. Kc2 Rxa2 38. Kb3 Ra5 39. Rf1 Rb5 40.
Kc4 Ra5 41. b3 Ra3 42. Rf5 a5 43. Re4 a4 44. bxa4 Rc3+ 45. Kb5 b3 46. Rf1 b2 47.
Rb1 Rxd3 48. Rxb2 Rc3 49. a5 d3 50. a6 Ra3 51. Kb6 Nf8 52. Kb7 Nd7 53. Re7+ Kf6
54. Rxd7 c4 55. Rb6+ Ke5 56. a7 c3 57. Rxd3 c2 58. Rxa3 c1=Q 59. a8=Q Qh1+ 60.
Kb8 Qh2 61. Qb7 Kd4+ 62. Qc7 Qe2 63. Ra4+ Kd3 64. Rd6+ Ke3 1-0

[Event "Nutcracker Rapid B 2015"]
[Site "Moscow RUS"]
[Date "2015.12.25"]
[Round "7.4"]
[White "Mylnikova, Olga"]
[Black "Shubin, Kirill"]
[Result "1/2-1/2"]
[WhiteTitle "WFM"]
[BlackTitle "FM"]
[WhiteElo "2197"]
[BlackElo "2208"]
[WhiteTeam "Girls"]
[BlackTeam "Youths"]
[WhiteFideId "24137880"]
[BlackFideId "34119962"]
[EventDate "2015.12.24"]

1. e4 e6 2. d4 d5 3. e5 c5 4. c3 Ne7 5. Nf3 Nec6 6. a3 Nd7 7. Bd3 a6 8. O-O Be7
9. Be3 b5 10. Nbd2 g5 11. b4 cxd4 12. cxd4 Nb6 13. Nb3 Nc4 14. Qc1 g4 15. Ne1 a5
16. bxa5 N6xa5 17. Nxa5 Rxa5 18. Bxc4 dxc4 19. a4 bxa4 20. Qd1 c3 21. Rxa4 Ba6
22. Qa1 Bb4 23. Nc2 Bb5 24. Rxa5 Bxa5 25. Rb1 Bd7 26. Qa3 f6 27. exf6 Bc7 28.
Qc5 h5 29. f7+ Kxf7 30. Bg5 Qc8 31. Qe7+ Kg8 32. Qf6 Rh7 33. Bh6 Qe8 34. Qg5+
Kh8 35. Qf6+ Kg8 36. Qg5+ Kh8 37. Ra1 Bc6 38. Qf6+ Kg8 39. Qg5+ Kh8 40. Nb4 Bb7
41. Qf6+ Kg8 42. Qg5+ Kh8 43. Qf6+ Kg8 44. Qg5+ Kh8 45. Qf6+ Kg8 46. Qg5+ Kh8
47. Qf6+ Kg8 48. Nd3 Bd8 49. Qf4 c2 50. Ne5 Rc7 51. Rc1 Qe7 52. Qd2 Qf6 53. Be3
Qf5 54. Qd3 Qxd3 55. Nxd3 Be4 56. Nc5 Bf5 57. f3 gxf3 58. gxf3 Be7 59. Kf2 e5
60. Ne4 exd4 61. Bxd4 Bxe4 62. fxe4 Ba3 63. Rg1+ Kf8 64. Be3 1/2-1/2

[Event "Nutcracker Rapid B 2015"]
[Site "Moscow RUS"]
[Date "2015.12.25"]
[Round "8.1"]
[White "Mylnikova, Olga"]
[Black "Nesterov, Arseniy"]
[Result "1-0"]
[WhiteTitle "WFM"]
[WhiteElo "2197"]
[BlackElo "2102"]
[WhiteTeam "Girls"]
[BlackTeam "Youths"]
[WhiteFideId "24137880"]
[BlackFideId "24198455"]
[EventDate "2015.12.24"]

1. e4 e6 2. d4 d5 3. e5 c5 4. c3 Qb6 5. Nf3 Nc6 6. Na3 cxd4 7. cxd4 Nh6 8. Nc2
Nf5 9. Bd3 Be7 10. O-O Bd7 11. g4 Nh4 12. Nxh4 Bxh4 13. g5 h5 14. Qf3 Nxd4 15.
Qf4 Nxc2 16. Bxc2 Bb5 17. Ba4 Bxg5 18. Bxb5+ Qxb5 19. Qxg5 Rh6 20. Qh4 Rg6+ 21.
Bg5 Qxb2 22. Rae1 Qxa2 23. Qxh5 Kd7 24. h4 Qc4 25. Kh2 Rc8 26. Qf3 Ke8 27. Rc1
Qb5 28. Rxc8+ Kd7 29. Rfc1 1-0

[Event "Nutcracker Rapid B 2015"]
[Site "Moscow RUS"]
[Date "2015.12.25"]
[Round "8.2"]
[White "Dordzhieva, Dinara"]
[Black "Tsoi, Dmitry"]
[Result "0-1"]
[WhiteTitle "WIM"]
[WhiteElo "2230"]
[BlackElo "2060"]
[WhiteTeam "Girls"]
[BlackTeam "Youths"]
[WhiteFideId "24157570"]
[BlackFideId "24194697"]
[EventDate "2015.12.24"]

1. e4 c5 2. Nf3 d6 3. d4 Nf6 4. Nc3 cxd4 5. Nxd4 a6 6. h3 e5 7. Nb3 h5 8. Be3
Be6 9. Qd2 Be7 10. O-O-O Nbd7 11. f4 Rc8 12. f5 Bc4 13. Bxc4 Rxc4 14. Qd3 Qc7
15. Rhe1 b5 16. Bf2 b4 17. Na4 O-O 18. Nd2 Rc6 19. b3 Rc8 20. Nc4 Rxc4 21. bxc4
Qxc4 22. Kb1 Qc6 23. Nb2 a5 24. Rd2 a4 25. Qf3 a3 26. Nd1 Nc5 27. Bxc5 Qxc5 28.
g4 Nd7 29. gxh5 Bg5 30. Rg2 f6 31. Reg1 Nb6 32. h6 Bxh6 33. Qb3+ Kh8 34. Rg6 Nc4
35. R1g2 Nd2+ 36. Rxd2 Bxd2 37. Rg2 Bh6 38. Qd3 Kh7 39. h4 Kh8 40. Nf2 0-1

[Event "Nutcracker Rapid B 2015"]
[Site "Moscow RUS"]
[Date "2015.12.25"]
[Round "8.3"]
[White "Remizov, Yaroslav"]
[Black "Potapova, Margarita"]
[Result "1-0"]
[BlackTitle "WFM"]
[WhiteElo "2093"]
[BlackElo "2121"]
[WhiteTeam "Youths"]
[BlackTeam "Girls"]
[WhiteFideId "34134015"]
[BlackFideId "14126869"]
[EventDate "2015.12.24"]

1. e4 d5 2. Nc3 d4 3. Nce2 e5 4. d3 Nc6 5. g3 Bg4 6. Bg2 h5 7. h3 Be6 8. f4 exf4
9. Bxf4 Bd6 10. Nf3 Qd7 11. a3 f6 12. b4 g5 13. Bxd6 Qxd6 14. b5 Ne5 15. Nfxd4
Ne7 16. O-O Bd7 17. Qe1 O-O-O 18. Qb4 Rhf8 19. Qxd6 cxd6 20. a4 Kb8 21. Nf3
Nxf3+ 22. Rxf3 g4 23. hxg4 Bxg4 24. Rf2 f5 25. Nf4 fxe4 26. Bxe4 d5 27. Bg2 d4
28. Re1 Rd7 29. Re5 Rf5 30. Rxf5 Nxf5 31. Nd5 Rd8 32. Kh2 Ne3 33. Nxe3 dxe3 34.
Rf7 e2 35. Rxb7+ Kc8 36. Re7 Rf8 37. Bh3 Bxh3 38. Kxh3 Rf2 39. Kh4 Rh2+ 40. Kg5
Kd8 41. Re4 e1=Q 42. Rxe1 Rxc2 43. Kxh5 Ra2 44. Re4 Ra3 45. g4 Rxd3 46. g5 Rh3+
47. Kg6 Rg3 48. Kf6 Rf3+ 49. Kg7 Rg3 50. g6 Rg2 51. Kf7 Rf2+ 52. Kg8 Rg2 53. g7
Kd7 54. Kf7 Rf2+ 55. Kg6 Rg2+ 56. Kh6 Rh2+ 57. Kg5 1-0

[Event "Nutcracker Rapid B 2015"]
[Site "Moscow RUS"]
[Date "2015.12.25"]
[Round "8.4"]
[White "Shubin, Kirill"]
[Black "Dimitrova, Aleksandra"]
[Result "1/2-1/2"]
[WhiteTitle "FM"]
[BlackTitle "WFM"]
[WhiteElo "2208"]
[BlackElo "2193"]
[WhiteTeam "Youths"]
[BlackTeam "Girls"]
[WhiteFideId "34119962"]
[BlackFideId "24173371"]
[EventDate "2015.12.24"]

1. d4 Nf6 2. Bg5 Ne4 3. Bf4 d5 4. f3 Nf6 5. e4 e6 6. e5 Nfd7 7. c3 c5 8. Ne2 Nc6
9. Nd2 Qb6 10. Qb3 Be7 11. Be3 O-O 12. f4 f6 13. g3 c4 14. Qc2 fxe5 15. fxe5
Ndxe5 16. Nf4 Ng4 17. Bg1 Bd6 18. b3 cxb3 19. axb3 Qc7 20. Bd3 g6 21. O-O-O Bd7
22. Bxg6 Bxf4 23. Bxh7+ Kh8 24. gxf4 Qxf4 25. h3 Ne3 26. Bxe3 Qxe3 27. Rde1 Qh6
28. Bd3 Rac8 29. Qb2 Nxd4 30. Ref1 Nc6 31. Kb1 Qe3 32. Bg6 Ne7 33. c4+ d4 34.
Re1 Qc3 35. Be4 Rf2 36. Qxc3 dxc3 37. Nf3 Nc6 38. Rd1 Be8 39. Nd4 Nb4 40. Nc2 a5
41. Rd6 Bc6 42. Bxc6 bxc6 43. Rc1 Rg8 44. Ne3 Rb2+ 45. Ka1 Ra2+ 46. Kb1 Rb2+ 47.
Ka1 Rxb3 48. Rxe6 Rb8 49. Rg1 Kh7 50. Re4 Ra3+ 51. Kb1 Nd5+ 1/2-1/2